[Event "GRE-chT 43rd"]
[Site "Porto Rio"]
[Date "2015.10.08"]
[Round "1.12"]
[White "Iliopoulos, Alexios"]
[Black "Rigatos, Panagiotis"]
[Result "0-1"]
[WhiteElo "1959"]
[BlackElo "1966"]
[PlyCount "102"]
[EventDate "2015.10.08"]
[EventType "team-swiss"]
[EventRounds "7"]
[EventCountry "GRE"]
[SourceTitle "CBM 168 Extra"]
[Source "ChessBase"]
[SourceDate "2015.10.29"]
[SourceVersion "1"]
[SourceVersionDate "2015.10.29"]
[SourceQuality "1"]
[WhiteTeam "Patron Sailing"]
[BlackTeam "Aigaleo"]
[WhiteTeamCountry "GRE"]
[BlackTeamCountry "GRE"]

1. e4 c5 2. Nc3 Nc6 3. g3 g6 4. Bg2 Bg7 5. d3 e6 6. Be3 d6 7. Qd2 Nd4 8. Nd1 Ne7 9. c3 Ndc6 10. Bh6 0-0 11. h4 f6 12. Bxg7 Kxg7 13. h5 g5 14. h6+ Kh8 15. Ne3 Rb8 16. Nh3 d5 17. f4 d4 18. Ng4 f5 19. Ngf2 g4 20. Ng5 Qd6 21. c4 Nd8 22. e5 Qc7 23. b4 Nf7 24. Nxf7+ Rxf7 25. bxc5 Qxc5 26. Rb1 b6 27. Rb5 Qc7 28. Qb2 Bd7 29. Rb3 Bc6 30. Bxc6 Nxc6 31. c5 bxc5 32. Kd2 Qa5+ 33. Ke2 Rff8 34. Rb1 Qc7 35. Rc1 Na5 36. Rxb8 Rxb8 37. Qc2 Rc8 38. Nd1 Kg8 39. Nb2 Qc6 40. Na4 Qf3+ 41. Kd2 Qxg3 42. Nxc5 Qxf4+ 43. Kd1 Qxh6 44. Qa4 Nb7 45. Qxd4 Rxc5 46. Rxc5 Nxc5 47. Qxc5 Qh1+ 48. Kd2 Qg2+ 49. Kc3 Qxa2 50. Qd6 Kf7 51. Kd4 Qd5+ 0-1

[Event "GRE-chT 43rd"]
[Site "Porto Rio"]
[Date "2015.10.08"]
[Round "2.5"]
[White "Rigatos, Panagiotis"]
[Black "Georgakopoulos, Nikolaos K"]
[Result "1-0"]
[WhiteElo "1966"]
[BlackElo "2044"]
[PlyCount "67"]
[EventDate "2015.10.08"]
[EventType "team-swiss"]
[EventRounds "7"]
[EventCountry "GRE"]
[SourceTitle "CBM 168 Extra"]
[Source "ChessBase"]
[SourceDate "2015.10.29"]
[SourceVersion "1"]
[SourceVersionDate "2015.10.29"]
[SourceQuality "1"]
[WhiteTeam "Aigaleo"]
[BlackTeam "Chania ADA"]
[WhiteTeamCountry "GRE"]
[BlackTeamCountry "GRE"]

1. e4 c5 2. Nf3 Nc6 3. Bc4 e6 4. Qe2 Be7 5. Bb3 d5 6. d3 Nf6 7. c3 0-0 8. e5 Nd7 9. d4 cxd4 10. cxd4 b6 11. 0-0 a6 12. Re1 b5 13. a4 b4 14. Bc2 a5 15. Bxh7+ Kxh7 16. Qc2+ Kg8 17. Qxc6 Ba6 18. Qc2 Rc8 19. Qb3 Qc7 20. Be3 Bc4 21. Qd1 b3 22. Nc3 Bb4 23. Rc1 Qc6 24. Ng5 g6 25. Qg4 Kg7 26. Bd2 Rh8 27. Re3 Rcf8 28. Rg3 Rfg8 29. Re1 Bxc3 30. Bxc3 Qxa4 31. h4 Rh6 32. Bd2 Rhh8 33. h5 Bd3 34. Rxd3 1-0

[Event "GRE-chT 42nd"]
[Site "Porto Rio"]
[Date "2014.06.29"]
[Round "3.8"]
[White "Papasimakopoulos, Vasilios"]
[Black "Rigatos, Panagiotis"]
[Result "1-0"]
[WhiteElo "1895"]
[BlackElo "1950"]
[PlyCount "107"]
[EventDate "2014.06.28"]
[EventType "team-swiss"]
[EventRounds "7"]
[EventCountry "GRE"]
[SourceTitle "CBM 161 Extra"]
[Source "ChessBase"]
[SourceDate "2014.08.29"]
[SourceVersion "1"]
[SourceVersionDate "2014.08.29"]
[SourceQuality "1"]
[WhiteTeam "Papagou DP"]
[BlackTeam "Aigaleo"]
[WhiteTeamCountry "GRE"]
[BlackTeamCountry "GRE"]

1. d4 Nf6 2. c4 g6 3. Nc3 Bg7 4. Bg5 h6 5. Bh4 d6 6. e3 0-0 7. Be2 Nbd7 8. Nf3 e5 9. dxe5 dxe5 10. 0-0 Re8 11. Nd2 c6 12. Nde4 Qc7 13. c5 Rd8 14. Qc2 g5 15. Bg3 Nd5 16. Bc4 Nf8 17. Nd6 Be6 18. e4 Nf4 19. Rad1 Bxc4 20. Nxc4 N8e6 21. b4 Nd4 22. Qb2 Rd7 23. Rd2 Rad8 24. Rfd1 Bf8 25. h4 Be7 26. Bxf4 gxf4 27. h5 f3 28. Kf1 Bg5 29. Rd3 Kh7 30. gxf3 f6 31. Ne2 Nxf3 32. Nd6 Nh2+ 33. Kg2 Ng4 34. Rg3 Nxf2 35. Kxf2 Bh4 36. Rdg1 Rg7 37. Kf3 Bxg3 38. Rxg3 Rdg8 39. Nf5 Rxg3+ 40. Nexg3 Qd7 41. Qb3 Rg5 42. a4 Rg8 43. b5 cxb5 44. axb5 a5 45. bxa6 bxa6 46. Qb6 Rd8 47. Qd6 a5 48. Qxf6 a4 49. Qxh6+ Kg8 50. Qg6+ Kf8 51. Qf6+ Kg8 52. Ne7+ Kh7 53. Qg6+ Kh8 54. Qh6# 1-0

[Event "Athens Siaperas Memorial 10th"]
[Site "Athens"]
[Date "2014.02.08"]
[Round "5"]
[White "Vazelakis, Dimitrios"]
[Black "Rigatos, Panagiotis"]
[Result "0-1"]
[WhiteElo "1980"]
[BlackElo "1921"]
[PlyCount "100"]
[EventDate "2014.01.11"]
[EventType "swiss"]
[EventRounds "7"]
[EventCountry "GRE"]
[SourceTitle "EXT 2016"]
[Source "ChessBase"]
[SourceDate "2015.10.08"]
[SourceVersion "1"]
[SourceVersionDate "2015.10.08"]
[SourceQuality "1"]

1. c4 Nf6 2. g3 g6 3. Bg2 Bg7 4. Nc3 0-0 5. d3 d6 6. e4 c5 7. Nge2 Nc6 8. 0-0 a6 9. Rb1 Rb8 10. a4 Ne8 11. Be3 Nc7 12. d4 cxd4 13. Nxd4 Ne6 14. Nxe6 Bxe6 15. Nd5 Ne5 16. b3 b5 17. axb5 axb5 18. c5 Re8 19. Nf4 Bg4 20. f3 Bc8 21. cxd6 Qxd6 22. Qxd6 exd6 23. Rfd1 Rd8 24. Nd5 Be6 25. Bb6 Rd7 26. Be3 f5 27. Nf4 Bf7 28. exf5 gxf5 29. Nd3 Nxd3 30. Rxd3 f4 31. Bxf4 Bg6 32. Rbd1 Bxd3 33. Rxd3 Ra8 34. Bf1 d5 35. Rd1 b4 36. Bb5 Rda7 37. Rxd5 Ra2 38. Bc4 Kh8 39. Bd6 Bc3 40. g4 Rc2 41. Rd1 Kg7 42. Bf4 Ra1 43. Rxa1 Bxa1 44. Bd6 Bc3 45. Bf4 Bd4+ 46. Kf1 Rf2+ 47. Ke1 Rxf3 48. Bd6 Rh3 49. Bxb4 Bc3+ 50. Bxc3+ Rxc3 0-1

[Event "GRE-chT 41st"]
[Site "Achaia"]
[Date "2013.07.03"]
[Round "3.8"]
[White "Rigatos, Panagiotis"]
[Black "Stathopoulos, Ioannis"]
[Result "0-1"]
[WhiteElo "1868"]
[BlackElo "2247"]
[PlyCount "86"]
[EventDate "2013.07.02"]
[EventType "team-swiss"]
[EventRounds "7"]
[EventCountry "GRE"]
[SourceTitle "CBM 155 Extra"]
[Source "ChessBase"]
[SourceDate "2013.08.26"]
[SourceVersion "1"]
[SourceVersionDate "2013.08.26"]
[SourceQuality "1"]
[WhiteTeam "Egaleo CN"]
[BlackTeam "Peristeriou CP"]
[WhiteTeamCountry "GRE"]
[BlackTeamCountry "GRE"]

1. e4 c5 2. Nf3 d6 3. d4 cxd4 4. Nxd4 Nf6 5. Nc3 a6 6. Be3 Ng4 7. Bg5 h6 8. Bh4 g5 9. Bg3 Bg7 10. Be2 h5 11. Bxg4 hxg4 12. Qd2 Qa5 13. Nb3 Qb4 14. 0-0 Nc6 15. Nd5 Qxd2 16. Nxd2 0-0 17. Nb6 Rb8 18. c3 Be6 19. Nb3 f5 20. exf5 Rxf5 21. Rfe1 Kf7 22. Nd2 Rb5 23. Nbc4 Bxc4 24. Nxc4 Rd8 25. Re2 d5 26. a4 Rc5 27. Ne5+ Bxe5 28. Bxe5 Rc4 29. a5 Re4 30. Rxe4 dxe4 31. Bc7 Rd7 32. Bb6 Rd2 33. g3 Ne5 34. Kg2 Ke6 35. Be3 Rxb2 36. Bxg5 Rb5 37. Re1 Nf3 38. Rxe4+ Kf5 39. Rxe7 Rb1 40. Rf7+ Kxg5 41. h4+ Kg6 42. Rxf3 gxf3+ 43. Kxf3 Rb5 0-1

[Event "Ambelokipi op 135th"]
[Site "Athens"]
[Date "2013.06.08"]
[Round "4"]
[White "Rousis, Mihail"]
[Black "Rigatos, Panagiotis"]
[Result "1-0"]
[WhiteElo "2028"]
[BlackElo "1849"]
[PlyCount "59"]
[EventDate "2013.05.18"]
[EventType "swiss"]
[EventRounds "7"]
[EventCountry "GRE"]
[SourceTitle "EXT 2024"]
[Source "ChessBase"]
[SourceDate "2023.10.10"]
[SourceVersion "1"]
[SourceVersionDate "2023.10.10"]
[SourceQuality "1"]

1. e4 c5 2. Nf3 e6 3. g3 Nc6 4. Bg2 Nge7 5. 0-0 d6 6. b3 b6 7. Bb2 Bb7 8. Qe2 Ng6 9. h4 Qd7 10. h5 Nge5 11. Nxe5 dxe5 12. Na3 Be7 13. Qg4 Bf6 14. d3 a6 15. Rad1 Rg8 16. f4 0-0-0 17. Nc4 exf4 18. e5 Be7 19. Qxf4 Rdf8 20. Kh2 g6 21. d4 cxd4 22. Bxd4 Nxd4 23. Rxd4 Bd5 24. Rxd5 exd5 25. Bh3 Qxh3+ 26. Kxh3 dxc4 27. Qxc4+ Kb8 28. Rxf7 Bc5 29. e6 gxh5 30. Qf4+ 1-0

[Event "Ambelokipi op 135th"]
[Site "Athens"]
[Date "2013.06.01"]
[Round "3"]
[White "Rigatos, Panagiotis"]
[Black "Tourkolias, Dimitrios"]
[Result "1-0"]
[WhiteElo "1849"]
[BlackElo "1763"]
[PlyCount "43"]
[EventDate "2013.05.18"]
[EventType "swiss"]
[EventRounds "7"]
[EventCountry "GRE"]
[SourceTitle "EXT 2024"]
[Source "ChessBase"]
[SourceDate "2023.10.10"]
[SourceVersion "1"]
[SourceVersionDate "2023.10.10"]
[SourceQuality "1"]

1. e4 c5 2. Nf3 d6 3. d4 cxd4 4. Nxd4 Nf6 5. Nc3 Nc6 6. Bc4 e6 7. Be3 Be7 8. f3 a6 9. Qd2 Qc7 10. Bb3 b5 11. g4 Nxd4 12. Bxd4 0-0 13. h4 Nd7 14. 0-0-0 Ne5 15. Qe2 Nc4 16. g5 Qa5 17. f4 Bb7 18. h5 d5 19. exd5 Rfe8 20. g6 fxg6 21. Qxe6+ Kf8 22. hxg6 1-0

[Event "Ambelokipi op 133th"]
[Site "Athens"]
[Date "2013.04.10"]
[Round "5"]
[White "Hatzigiannis, Trifon"]
[Black "Rigatos, Panagiotis"]
[Result "0-1"]
[WhiteElo "1868"]
[BlackElo "1786"]
[PlyCount "132"]
[EventDate "2013.03.13"]
[EventType "swiss"]
[EventRounds "7"]
[EventCountry "GRE"]
[SourceTitle "EXT 2024"]
[Source "ChessBase"]
[SourceDate "2023.10.10"]
[SourceVersion "1"]
[SourceVersionDate "2023.10.10"]
[SourceQuality "1"]

1. e4 c5 2. Nf3 e6 3. d3 Nc6 4. g3 d6 5. Bg2 Nge7 6. 0-0 g6 7. c3 Bg7 8. Be3 0-0 9. d4 b6 10. e5 cxd4 11. Nxd4 d5 12. f4 Ba6 13. Re1 Nxd4 14. Bxd4 Qd7 15. Na3 Rac8 16. Nc2 Nc6 17. Bf2 Rc7 18. Qd2 Rfc8 19. Rac1 Bf8 20. Ne3 Na5 21. b4 Nc4 22. Nxc4 Bxc4 23. Bd4 Qa4 24. Ra1 Rb8 25. g4 a5 26. a3 Ra7 27. f5 axb4 28. cxb4 Qb5 29. f6 h6 30. h4 Rc8 31. Rec1 Rac7 32. Be3 Be2 33. Rxc7 Rxc7 34. Bf1 Bxf1 35. Rxf1 Rc4 36. Rf4 Qc6 37. Rxc4 dxc4 38. Qc1 b5 39. Qc3 Qe4 40. Bf2 Qxg4+ 41. Kh2 Qe2 42. Kg3 h5 43. Qe3 Qg4+ 44. Kh2 Kh7 45. Qa7 Qf4+ 46. Bg3 Qd2+ 47. Kh3 Kg8 48. Bf2 Qd3+ 49. Kg2 c3 50. Qb8 c2 51. Bc5 Qd2+ 52. Kf3 Qh6 53. Bxf8 Qxf8 54. Qc7 Qa8+ 55. Ke2 Qxa3 56. Qxc2 Qxb4 57. Qc8+ Qf8 58. Qb7 b4 59. Kd3 Kh7 60. Kc4 g5 61. hxg5 Kg6 62. Qe7 Qc8+ 63. Kxb4 Qb8+ 64. Kc4 Qxe5 65. Kd3 Qxg5 66. Qf8 Qd5+ 0-1

[Event "Ambelokipi op 100th"]
[Site "Athens"]
[Date "2009.11.07"]
[Round "1"]
[White "Rigatos, Panagiotis"]
[Black "Delithanasis, Dimitrios"]
[Result "0-1"]
[WhiteElo "1718"]
[BlackElo "2244"]
[PlyCount "60"]
[EventDate "2009.11.07"]
[EventType "swiss"]
[EventRounds "6"]
[EventCountry "GRE"]
[SourceTitle "EXT 2024"]
[Source "ChessBase"]
[SourceDate "2023.10.10"]
[SourceVersion "1"]
[SourceVersionDate "2023.10.10"]
[SourceQuality "1"]

1. e4 e5 2. Nf3 Nc6 3. Bb5 a6 4. Ba4 Nf6 5. 0-0 Be7 6. d3 b5 7. Bb3 0-0 8. c3 Bb7 9. Re1 d6 10. Nbd2 Re8 11. Nf1 Bf8 12. Bg5 h6 13. Bxf6 Qxf6 14. Bd5 Qe7 15. Ne3 g6 16. d4 Bg7 17. dxe5 dxe5 18. Qc2 Rad8 19. a3 Rd6 20. Red1 Red8 21. b4 Bc8 22. c4 Nd4 23. Nxd4 exd4 24. c5 R6d7 25. Bc6 dxe3 26. Bxd7 exf2+ 27. Kxf2 Bxa1 28. Bxc8 Rxc8 29. Rxa1 Qf6+ 30. Ke2 Qxa1 0-1